Missing Word: Star Wars V Quotes Quiz Stats

 Plays Quiz Updated Jul 13, 2016

Challenge
Share
Tweet
Embed
Score 0/28 Timer 05:00
1 Play Today
Quote Word % Correct
I have a ____ feeling about this.bad
93.8%
The force is with you, Young Skywalker, but you are not a ____ yet.Jedi
91.3%
No, I am your ____. Search your feelings you know it to be true.father
90.6%
No. Do or do not. There is no ____.try
89.7%
Your Tauntaun will freeze before you reach the first marker.
Then I'll see you in ____!
hell
89.4%
I love you.
I ____.
know
85.8%
He's no good to me ____. dead
85.7%
If you only knew the ____ of the Dark Side.power
85.7%
Sir, the probability of successfully navigating an ____ field is approximately 3,720 to 1.asteroid
85.4%
The cave is collapsing.
This is no ____.
cave
83.6%
There is a great ____ in the Force.disturbance
83.5%
Join me and together we can rule the ____ as father and son.galaxy
83.1%
Never tell me the ____.odds
81.6%
____ never told you what happened to your father.Obi-Wan
81%
Quote Word % Correct
I am altering the deal. Pray I don't alter it any ____.further
80.8%
I've just made a deal that will keep the ____ out of here forever.Empire
80%
I'll never ___ you!join
77.2%
He doesn't want you at all, he's after someone called ____.Skywalker
75.9%
Oh, they've encased him in ____. He should be quite well protected. If he survived the freezing process, that is.Carbonite
75.3%
I thought they ____ bad...on the outside.smelled
75%
You look absolutely beautiful. You truly belong with us among the ____.clouds
70.3%
I'd just as soon kiss a Wookiee.
I can ____ that! You could use a good kiss!
arrange
67.9%
You have ____ me for the last time, Admiral.failed
67.2%
What is thy ____, my master?bidding
66.7%
You said you wanted to be around when I made a ____, well this could be it, sweetheart.mistake
62.5%
He told me ____. He told me you killed him.enough
62.5%
Captain, being held by you isn't quite enough to get me ____.excited
47.8%
Ah! A great warrior! ____ not make one great.Wars
32.3%

Today's Daily Dose

You're not logged in!

Compare scores with friends on all Sporcle quizzes.
Join for Free
OR
Log In

You Might Also Like...

Show Comments

Extras

Top Quizzes Today


Score Distribution

Your Account Isn't Verified!

In order to create a playlist on Sporcle, you need to verify the email address you used during registration. Go to your Sporcle Settings to finish the process.

Report this User

Report this user for behavior that violates our Community Guidelines.

Details: